মুহাম্মদ : (Record no. 10649)
[ view plain ]
| 000 -LEADER | |
|---|---|
| fixed length control field | 00863nam a2200253 a 4500 |
| 001 - CONTROL NUMBER | |
| JCCL Control Number | 10649 |
| 003 - CONTROL NUMBER IDENTIFIER | |
| JCCL marc code | BD-JhCC |
| 005 - DATE AND TIME OF LATEST TRANSACTION | |
| control field | 20210930134021.0 |
| 008 - FIXED-LENGTH DATA ELEMENTS--GENERAL INFORMATION | |
| fixed length control field | 180802s2013 bg |||| ||a| 000 0 ben d |
| 020 ## - INTERNATIONAL STANDARD BOOK NUMBER | |
| International Standard Book Number | 9789849009659 |
| 035 ## - SYSTEM CONTROL NUMBER | |
| system control number | (BD-JhCC)10649 |
| 040 ## - CATALOGING SOURCE | |
| Original cataloging agency | BD-JhCC |
| Modifying agency | BD-JhCC |
| 041 ## - LANGUAGE CODE | |
| Language code of Book | ben |
| 082 ## - DEWEY DECIMAL CLASSIFICATION NUMBER | |
| Classification number | 297.63 |
| Author mark and Year | AMT 2016 |
| 100 ## - MAIN ENTRY--PERSONAL NAME | |
| Personal name | আর্মস্ট্রং, ক্যারেন |
| 245 ## - TITLE STATEMENT | |
| Title | মুহাম্মদ : |
| Remainder of title | মহানবীর (স) জীবনী / |
| Statement of responsibility, etc | ক্যারেন আর্মস্ট্রং, শওকত হোসেন (অনু.) |
| 260 ## - PUBLICATION, DISTRIBUTION, ETC. (IMPRINT) | |
| Place of publication, distribution, etc | ঢাকা : |
| Name of publisher, distributor, etc | কালোহরফ, |
| Date of publication, distribution, etc | ২০১৬. |
| 300 ## - PHYSICAL DESCRIPTION | |
| Pagination | ৩১৯পৃ. : |
| Dimensions | ২১ সেমি. |
| 600 ## - SUBJECT ADDED ENTRY--PERSONAL NAME | |
| Personal name | Prophet Mohammad (SM) |
| 650 ## - SUBJECT ADDED ENTRY--TOPICAL TERM | |
| Topical term or geographic name as entry element | Islam |
| 700 ## - ADDED ENTRY--PERSONAL NAME | |
| Personal name | হোসেন, শওকত |
| 942 ## - ADDED ENTRY ELEMENTS (KOHA) | |
| Source of classification or shelving scheme | Dewey Decimal Classification |
| Koha item type | Books |
| Koha issues (borrowed), all copies | 11 |
| Source of classification or shelving scheme | Damaged status | Not for loan | Home library | Current library | Shelving location | Date of accession | Cost, normal purchase price | Total Checkouts | Full call number | Barcode | Date last seen | Date checked out | Copy number | Koha item type |
|---|---|---|---|---|---|---|---|---|---|---|---|---|---|---|
| Dewey Decimal Classification | JCC Rouf Library | JCC Rouf Library | General Stacks | 08/02/2018 | 450.00 | 5 | 297.63 AMT 2016 | 14410 | 12/04/2024 | 12/03/2024 | C-1 | Books | ||
| Dewey Decimal Classification | JCC Rouf Library | JCC Rouf Library | General Stacks | 08/16/2018 | 450.00 | 4 | 297.63 AMT 2016 | 14554 | 10/13/2021 | 09/29/2021 | C-2 | Books | ||
| Dewey Decimal Classification | JCC Rouf Library | JCC Rouf Library | General Stacks | 08/16/2018 | 450.00 | 1 | 297.63 AMT 2016 | 14553 | 04/20/2020 | 03/30/2020 | C-3 | Books |